| 000 | 00922nam a2200253Ia 4500 | ||
|---|---|---|---|
| 003 | OSt | ||
| 005 | 20221005112147.0 | ||
| 006 | a|||||r|||| 00| 0 | ||
| 007 | ta | ||
| 008 | 221004b |||||||| |||| 00| 0 pan d | ||
| 020 |
_a9789384138189 (hbk) _c500 |
||
| 024 | _a26772 | ||
| 037 |
_b975, 16/12/2015, H.K. Prakashan _cTextual |
||
| 040 |
_aCRL _cCRL _bpan |
||
| 041 |
_2pan _apan |
||
| 082 | _aO153wk, Q4 | ||
| 100 |
_aਕੈਰੋ੍ਵ, ਜੋਗਿੰਦਰ ਸਿੰਘ, ਥਦ. _9159445 |
||
| 245 | 0 | _aਮਾਝੇ ਦੇ ਮੋਤੀ | |
| 260 |
_aਅੰਮ੍ਰਿਤਸਰ _bਕੇ. ਜੀ. ਗ੍ਰਾਖ਼ਿਕਸ ਭਾਰਤ _c2014 |
||
| 300 |
_a384ਪੰ _ccm. |
||
| 650 | _aਪੰਜਾਬੀ ਸਾਹਿਤ | ||
| 942 |
_hO153wk, Q4 _cTEXL _2cc |
||
| 999 |
_c1024015 _d1024015 |
||